Leánygimnázium Kassán

Správa o tom, že v roku 1901 sa pripravuje otvorenie dievčenského súkromného gymnázia v Košiciach. Učite+mi sa stanú stredoškoslkí profesori pôsobiaci v meste, ale riaditeľstvo budú mať samostatné.

Podrobná bibliografia
Médium: Článok
Jazyk:Hungarian
Témy:
Zdroj: 1. Felsőmagyarországi Hirlap : Politikai ujság 1. Roč. 4, č. 4 (12.01.1901) s. 4
LEADER 01017nab#a2200301#ar4500
001 000074876
003 SVKKK
005 20050607xxxxxxx.
008 06 c xo huno
FMT
038 |a SVKKK 
040 |a SVKKK  |b slo  |e AACR2 
041 0 |a hun 
044 |a xo  |c SK 
080 |a 373.5/.6 
242 1 0 |a Dievčenské gymnázium v Košiciach 
245 0 0 |a Leánygimnázium Kassán 
500 |a mikrofilm 
520 2 |a Správa o tom, že v roku 1901 sa pripravuje otvorenie dievčenského súkromného gymnázia v Košiciach. Učite+mi sa stanú stredoškoslkí profesori pôsobiaci v meste, ale riaditeľstvo budú mať samostatné. 
650 0 4 |a gymnázium dievčenské, Košice (súkromné) - rok 1901 - otvorenie pripravované - Košice - rok 1901 - informácie 
773 0 |t Felsőmagyarországi Hirlap : Politikai ujság  |g Roč. 4, č. 4 (12.01.1901) s. 4 
957 |a Košice 
958 |a DG 
958 |a SK 
974 |a Ba  |d 20050607 
992 |a RBX 
BAS
998 |a RETRO